| 000 | 00890nam a22002657a 4500 | ||
|---|---|---|---|
| 999 |
_c129763 _d129763 |
||
| 003 | dpl | ||
| 005 | 20190105160013.0 | ||
| 008 | 190105b ||||| |||| 00| 0 eng d | ||
| 010 | _aB-058596 | ||
| 020 |
_c00.00 _a8171003680 |
||
| 035 | _aB-058596 | ||
| 035 | _aB-58597 | ||
| 037 | _bCen Lib/Ret | ||
| 040 |
_aDPL _bEN _cdpl |
||
| 082 |
_a954.022 _bMUG |
||
| 245 |
_aMughal empire in india : _cedited by H.S. Bhatia _btheir political, legal, social, cultural, religious and military systems / |
||
| 260 |
_bDeep & Deep Publications _c2001 _aNew Delhi |
||
| 270 |
_aF-159, Rajouri Garden _bNew Delhi _e110027 |
||
| 300 |
_a384p. _c21cm(Hb) |
||
| 500 | _aIncludes bibliographical references and index | ||
| 650 |
_aMughal history _927329 |
||
| 650 |
_aSocial and cultural aspects _927330 |
||
| 700 |
_aBhatia, H.S. _927657 |
||
| 942 |
_2ddc _cEN _h954.022 _mMUG |
||